El sentido de la historia: ensayo filosófico sobre los destinos de la humanidad
Na minha lista:
| Main Authors: | , |
|---|---|
| Formato: | Livro |
| Idioma: | espanhol |
| Publicado em: |
Santiago
Ercilla
1936
|
| Colecção: | Excelsior, 13
|
| Assuntos: | |
| Tags: |
Adicionar Tag
Sem tags, seja o primeiro a adicionar uma tag!
|
MARC
| LEADER | 00000nam a2200000 a 4500 | ||
|---|---|---|---|
| 001 | UCP8615 | ||
| 003 | CL-VaPUC | ||
| 008 | 000303e19360000CL |||||||||||||||||spa|d | ||
| 082 | 0 | 4 | |a 901 |b BER |2 21 |
| 100 | |a Berdiaeff, Nicolás |e author |9 579056 | ||
| 700 | 0 | |a Anet, Claude |e author |9 438688 | |
| 245 | 1 | 3 | |a El sentido de la historia: ensayo filosófico sobre los destinos de la humanidad |
| 246 | 1 | 0 | |a Mayerling |
| 300 | |a p. irreg | ||
| 942 | |c BK | ||
| 945 | |d 20000303 00:00:00 |a rherrera | ||
| 260 | |a Santiago |b Ercilla |c 1936 | ||
| 650 | 0 | |a Filosofía de la historia |9 265651 | |
| 650 | 0 | |a Ensayos |9 268724 | |
| 583 | |a last modification |c 20000303 00:00:00 |k Rodrigo Vera | ||
| 490 | 0 | |a Excelsior, 13 | |
| 999 | |c 285506 |d 285504 | ||
| 952 | |0 0 |1 0 |4 0 |6 901_000000000000000_BER_1936 |7 0 |8 X |9 330161 |a BIBHIS |b BIBHIS |d 2019-11-20 |i 1393340 |o 901 BER 1936 |p 1393340 |r 2024-01-30 |w 2019-11-20 |y BK_X |k HIS | ||